[Event "Gaprindashvili Cup Women III Stage 2020"]
[Site "Online"]
[Date "2020.11.12"]
[Round "2.3"]
[White "Khukhashvili, Sopiko"]
[Black "Melia, Salome"]
[Result "1/2-1/2"]
[WhiteElo "2334"]
[BlackElo "2371"]
[Annotator "TA"]
[PlyCount "186"]
[EventDate "2020.11.04"]
[EventType "k.o."]
[SourceTitle "playchess.com"]
[Source "ChessBase"]
[SourceQuality "1"]

{[%evp 24,186,23,0,35,26,30,20,30,21,31,2,61,56,70,54,98,46,81,81,82,60,110,62,84,67,73,51,68,64,89,94,78,81,89,9,24,0,42,-66,0,0,33,21,68,28,70,16,62,31,38,33,76,34,132,0,13,0,0,0,36,-104,-118,-132,-132,-285,-112,-112,-112,-112,-69,-71,-22,-89,-62,-166,-166,-170,-181,-183,0,-76,0,-146,-10,-16,0,0,14,14,14,-65,-68,-160,-156,-254,-260,-357,-361,-367,-361,-408,-306,-622,-593,-1083,-313,-369,-375,-474,-377,-377,-373,-374,-366,-347,-345,-359,-337,-377,-362,-481,-455,-469,-467,-474,-461,-445,-418,-455,-439,-431,-391,-745,-243,-244,-244,-264,-176,-258,-244,-265,-264,-244,0,-237,-54,-54,-54,-54,-49,-47,-42,-64,-64,-213,0,0,0,0,0,0,0,0,0]} 1. e4 c5 2. Nf3 Nc6 3. d4 cxd4 4. Nxd4 g6 5. Nc3 Bg7 6. Be3 Nf6 7. Bc4 O-O 8. Bb3 a5 9. a4 d6 10. h3 Bd7 11. O-O Nxd4 12. Bxd4 Bc6 13. Re1 {was the old line (13.Qd3).} Nd7 {B35: Sicilian: Accelerated Dragon with 5 Nc3: main line.} (13... e5 $5 {[%cal Re5d4]} 14. Be3 Nxe4 $11) 14. Bxg7 Kxg7 15. Qd4+ Kg8 16. Rad1 Qb6 17. Qd2 {[#]} Kg7 $146 (17... Nc5 $11) ({Predecessor:} 17... Nc5 18. Nd5 Bxd5 19. exd5 Rfe8 20. Qd4 Qb4 21. Qxb4 axb4 22. Rd4 Nxa4 23. Bxa4 Rxa4 {1-0 (59) Lo Presti,R (2068)-Tenti,J (2153) Buenos Aires 2005}) 18. Nd5 $14 Bxd5 19. exd5 Rfe8 20. Re3 (20. Bc4 $1 $16) 20... Nf6 21. Rde1 Qc7 22. Qe2 {[%cal Re3e7]} Kf8 23. Qf3 Kg7 24. g4 h6 25. h4 Qd7 26. g5 hxg5 27. hxg5 Nh5 28. Re4 Rac8 29. Qe2 (29. Rh4 $16) 29... Rc7 $11 30. Bc4 {aiming for Bb5.} Qh3 31. Bd3 (31. Qd2 $14) 31... Rh8 (31... Qf5 $15 32. Qd2 Qxd5) 32. Qg4 $36 {[%mdl 2048] White fights for an advantage.} Qxg4+ (32... Nf4 {seems wilder.} 33. Qxh3 Nxh3+ 34. Kg2 e5 35. dxe6 Nxg5 36. Rg4 Nxe6 37. Bxg6 Kf6) 33. Rxg4 Rhc8 34. Rge4 Kf8 35. Kg2 ({Better is} 35. c4 $14) 35... Ng7 36. Rf4 {And now Bxg6 would win.} (36. Rh4 {feels hotter.} Kg8 37. f4 e6 38. Reh1 Kf8 39. Rh8+) 36... Nh5 37. Rh4 (37. Rd4 {keeps more tension.} Rc5 38. Kf3 Re8 39. b3 Ng7 40. Rh4) 37... Kg7 38. c4 Re8 (38... e5 $14) 39. Reh1 (39. f4 $1 $16) 39... e5 {White must now prevent ...Nf4+.} 40. dxe6 Rxe6 41. b3 Rc5 42. Be4 (42. f4 $14 {stays ahead.}) 42... Rxg5+ $17 43. Kf3 b6 44. Bd5 $2 (44. Rd1 $17) 44... Rf6+ $2 (44... Rf5+ $1 $19 45. Kg2 Ref6) 45. Ke3 Re5+ 46. Re4 Rxe4+ 47. Bxe4 {[%mdl 4096] Endgame KRB-KRN} Nf4 48. Rd1 (48. b4 $11) 48... g5 49. f3 (49. Rg1 $15 Ne6 50. f3) 49... Re6 $19 50. Kf2 Kf6 51. Rh1 {[#]} Kg7 $2 (51... Ke5 $1 $19 52. Ke3 f5) 52. Rh7+ (52. Rd1 $11 {keeps the balance.}) 52... Kf6 (52... Kg8 $17 53. Rh1 Kg7) 53. Rh8 (53. Rh1 $1 $11) 53... Re7 (53... Ke5 $17 54. Rf8 f6) 54. Rb8 $11 Ke5 55. Rxb6 Rc7 56. Rb5+ Rc5 57. Rb8 (57. b4 $11 axb4 58. a5) 57... f5 $15 58. Re8+ (58. Bb7 $15) 58... Kd4 $17 59. Bb7 (59. Bb1 $17) 59... Re5 60. Rg8 Re2+ 61. Kf1 {Cut Off at move 61} Rb2 62. Bc8 Ke3 {[%cal Rb2b1]} 63. Re8+ $2 (63. Bxf5 Kxf3 64. Ke1 Ng2+ 65. Kd1 Ne3+ 66. Kc1 Rxb3 67. Rf8 Rc3+ 68. Kd2 Rxc4 69. Kd3) 63... Kxf3 $19 64. Bxf5 Rxb3 $2 (64... Rf2+ 65. Ke1 Ng2+ 66. Kd1 Ne3+ 67. Rxe3+ Kxe3) 65. Be4+ Kg3 66. Bf5 Rc3 67. Ke1 Rxc4 68. Rg8 Ng2+ 69. Kd2 Kf4 ({Weaker is} 69... Rxa4 70. Rxg5+ Kf3 71. Bc2 $15) 70. Bd7 Rd4+ 71. Kc3 Rd5 72. Rf8+ Ke3 73. Kb3 {Now Bc6 and White clings on.} Rc5 74. Re8+ Kf4 75. Rf8+ Ke4 76. Re8+ Kd4 77. Re6 Ne3 78. Rxd6+ $2 (78. Rg6) 78... Ke5 $2 (78... Rd5 79. Rxd5+ Nxd5) 79. Rg6 {[#]} Kf4 $1 80. Rf6+ Kg3 81. Bb5 (81. Rg6 $142) 81... g4 82. Ra6 Kf2 83. Rf6+ Kg3 $2 (83... Kg1 $19 {Strongly threatening ...g3.} 84. Bd3 Rg5) 84. Bd7 $2 (84. Ra6 $1 $11) 84... Nd5 $2 (84... Kh4 $19 85. Re6 Nf5) 85. Rf5 $15 Rc3+ 86. Kb2 Rd3 {Hoping for ...Ne7.} 87. Rg5 Rd2+ 88. Kc1 Rd4 {...Kh4 is the strong threat.} 89. Bxg4 ({White has to play} 89. Be6 $1 $15) 89... Rxg4 $2 ({Black should play} 89... Kh4 $19 90. Rxd5 Rxd5) 90. Rxd5 $11 {The position is equal.} Rxa4 91. Kb2 Kf4 92. Kb3 Rb4+ 93. Ka3 Ke4 {And White is the lucky defender.  Weighted Error Value: White=0.51/Black=0.34} 1/2-1/2

[Event "Gaprindashvili Cup Women III Stage 2020"]
[Site "Online"]
[Date "2020.11.12"]
[Round "2.3"]
[White "Charkhalashvili, Inga"]
[Black "Javakhishvili, Lela"]
[Result "0-1"]
[WhiteElo "2276"]
[BlackElo "2473"]
[Annotator "TA"]
[PlyCount "78"]
[EventDate "2020.11.04"]
[EventType "k.o."]
[SourceTitle "playchess.com"]
[Source "ChessBase"]
[SourceQuality "1"]

{[%evp 13,78,-29,-26,-68,-31,-122,-121,-124,-108,-193,-114,-110,-95,-94,-103,-99,-95,-127,-101,-157,-152,-245,-245,-243,-239,-261,-267,-328,-92,-393,-372,-383,-380,-385,-379,-378,-369,-373,-366,-377,-344,-377,-377,-386,-385,-365,-380,-360,-358,-379,-356,-400,-392,-431,-438,-453,-469,-449,-448,-445,-431,-514,-504,-520,-509,-532,-472]} 1. d4 Nf6 2. Nf3 c5 3. c4 cxd4 4. Nxd4 e5 5. Nb3 d5 6. cxd5 Qxd5 7. Qxd5 Nxd5 8. a3 {A31: Symmetrical English: 2 Nf3 Nf6 3 d4.} Be6 9. N1d2 {[#]} (9. e4 $15 Nf6 10. N1d2) 9... Nc6 $146 ({Predecessor:} 9... Nd7 10. e4 N5f6 11. f3 a5 12. Nc4 a4 13. Nbd2 Rc8 14. Bd3 Be7 15. Ke2 O-O {½-½ (54) Valle,L (2285)-Martin Gonzalez,A (2336) Barcelona 2019}) 10. e4 {[#]Black is better.} Nb6 $1 11. Be2 {[#]} (11. f4 $17 {might work better.}) 11... Be7 (11... a5 $1 $19 {[%cal Ra5a4] ...a4 is the strong threat.} 12. Rb1 Be7) 12. Bd1 O-O 13. Nf3 Rfd8 $36 {[%mdl 2048] And now ...Rxd1+! would win. Black is really pushing.} 14. Nbd2 Rac8 15. b4 f6 16. Bb2 (16. O-O $142) 16... a5 17. b5 (17. bxa5 $17 Nxa5 18. O-O) 17... Na7 $19 18. a4 Bb4 19. Ba3 Bc3 20. Rc1 Bg4 $2 (20... Rd3 $19 {Hoping for ...Bxd2+.} 21. Ke2 Rcd8) 21. Rc2 $2 {[%mdl 8192] Loses the game.} (21. Bb3+ $17 {is tougher.} Kh8 22. O-O) 21... Bxf3 22. gxf3 Rxd2 23. Rxd2 Bxd2+ 24. Kxd2 Nc4+ {[%mdl 64] Double Attack} 25. Kd3 {aiming for Bb3.} Nxa3 26. Bb3+ Kf8 27. Ra1 {[#]} N3xb5 $1 28. axb5 Nxb5 {[%mdl 4096] Endgame White must now prevent ...Rc3+. KRB-KRN} 29. Bc4 Nd6 30. Be6 Rc5 31. Bd5 b6 {[%cal Bb7b6,Bb6b5][%mdl 32]} 32. Rb1 b5 33. f4 exf4 {Black is clearly winning.} 34. Kd4 Rc2 35. e5 fxe5+ 36. Kxe5 Ke7 37. f3 a4 {[%cal Ba5a4,Ba4a3][%mdl 32]} 38. Kxf4 a3 39. Rg1 g6 {Weighted Error Value: White=0.45/Black=0.20} 0-1

[Event "Gaprindashvili Cup Women III Stage 2020"]
[Site "Online"]
[Date "2020.11.12"]
[Round "2.4"]
[White "Javakhishvili, Lela"]
[Black "Charkhalashvili, Inga"]
[Result "1/2-1/2"]
[WhiteElo "2473"]
[BlackElo "2276"]
[Annotator "TA"]
[PlyCount "115"]
[EventDate "2020.11.04"]
[EventType "k.o."]
[SourceTitle "playchess.com"]
[Source "ChessBase"]
[SourceQuality "1"]

{[%evp 13,115,0,0,-8,26,20,15,-50,1,-35,-46,-39,-37,-57,-34,-131,0,0,0,0,32,38,72,75,75,78,292,317,367,197,183,186,424,466,438,422,564,396,386,299,285,293,289,289,287,287,294,294,291,277,281,281,266,266,301,269,285,274,263,246,363,290,304,64,200,200,203,194,201,201,404,368,700,362,353,356,357,348,346,300,658,573,545,378,389,386,375,360,420,420,1001,934,1987,0,578,533,29969,29971,29953,29960,1906,276,1346,0]} 1. d4 Nf6 2. c4 e6 3. Nf3 d5 4. Nc3 Bb4 5. e3 O-O 6. Bd2 b6 7. cxd5 exd5 8. Bd3 {E51: Nimzo-Indian: Rubinstein: 4...0-0 5 Nf3 d5.} Bg4 9. h3 Bh5 {[#]} 10. Qb3 $146 (10. O-O $11) ({Predecessor:} 10. Rc1 c6 11. O-O Re8 12. Be2 Bd6 13. Ne1 Bg6 14. f4 Be4 15. Bf3 Bf5 16. g4 {½-½ (40) Abrashkov,V (1509)-Rusakov,V (2039) Dimitrovgrad 2013}) 10... c5 (10... Bxf3 $15 11. gxf3 c5) 11. Be2 Nc6 12. O-O c4 13. Qa4 Rc8 14. b3 (14. Rfc1 $15) 14... Bxc3 (14... Ne4 $1 $17 15. Nxe4 dxe4 16. Bxb4 exf3 17. gxf3 (17. Bxf3 Bxf3 18. Bxf8 Qg5 $17) 17... Nxb4 18. Qxb4 Qf6) 15. Bxc3 $11 Ne4 16. Rfc1 cxb3 17. Qxb3 Qd6 18. Be1 $1 Rc7 19. Rc2 Ne7 $2 (19... Rfc8 $16) 20. Bb4 $18 Qd8 21. Rac1 (21. Rxc7 $142 Qxc7 22. g4) 21... Rxc2 22. Rxc2 {Strongly threatening Qa3.} Nf6 $2 (22... Bxf3 {was worth a try.} 23. Bxf3 (23. gxf3 Nd6 $16) 23... Re8 24. Bxe7 Qxe7 25. Qxd5 Ng5) 23. Qa3 Re8 24. Bb5 a5 25. Bd6 Ne4 26. Bxe7 Rxe7 27. Qc1 Nd6 {[#]} 28. Ne5 $1 {[%cal Re5c6] Hoping for Nc6.} Qf8 ({Avoid the trap} 28... Nxb5 $2 {[#]} 29. Rc8 $1 $18 {[%mdl 512]}) 29. Bc6 Bg6 30. Nxg6 ({Not} 30. Bxd5 Bxc2 31. Qxc2 Qc8 $11) 30... hxg6 31. Bxd5 Kh7 32. Rc6 Qd8 33. Qb2 Nf5 34. Bf3 Re6 35. Rxe6 fxe6 36. Qb5 Nd6 (36... Qc8 {keeps fighting.} 37. Qb1 (37. Qxb6 Qc1+ 38. Kh2 Qd2 $14) 37... Qc3) 37. Qc6 b5 38. e4 $2 ({White should try} 38. Be2 $18) 38... b4 ({Better is} 38... Nc4 $14) 39. d5 e5 40. g3 Qb8 41. Kg2 Nb5 $2 (41... Qd8 42. h4 Kh6) 42. Qc5 Nd4 $2 (42... g5 43. Bg4 Nd6 44. Qxa5 g6) 43. Qxa5 b3 44. axb3 Qxb3 45. Bg4 {d6 is the strong threat.} Qd3 46. Qe1 Qc2 $2 (46... Nb3 47. f4 Qd4) 47. h4 Nb5 48. Qe3 Nd6 49. Bf3 Nc4 50. Qe2 Qc3 51. h5 g5 (51... gxh5 $142 52. Bxh5 g6 53. Bxg6+ Kxg6 54. Qg4+ Kh6 55. Qe6+ Kh7) 52. Bg4 Qd4 53. Bf3 $2 ({White should play} 53. Bf5+ $18 Kg8 54. Qa2) 53... Kh6 $2 {[%mdl 8192]} (53... Qc3 $1 $11 {and Black is okay.} 54. Bg4 Qb3) 54. Qc2 Nd2 55. Qc6+ Kh7 56. Qg6+ {[%mdl 64] Double Attack} Kh8 57. Qe8+ Kh7 58. Qg6+ $2 {Weighted Error Value: White=0.51/Black=0.88} (58. Qf7 $18 Kh8 59. Qe8+ Kh7 60. Qg6+ {[%mdl 64] Double Attack} Kh8 61. h6 gxh6 62. d6) 1/2-1/2

[Event "Gaprindashvili Cup Women III Stage 2020"]
[Site "Online"]
[Date "2020.11.12"]
[Round "2.4"]
[White "Melia, Salome"]
[Black "Khukhashvili, Sopiko"]
[Result "0-1"]
[WhiteElo "2371"]
[BlackElo "2334"]
[Annotator "TA"]
[PlyCount "78"]
[EventDate "2020.11.04"]
[EventType "k.o."]
[SourceTitle "playchess.com"]
[Source "ChessBase"]
[SourceQuality "1"]

{[%evp 10,78,84,47,123,75,68,70,72,61,71,59,66,65,68,60,65,61,66,70,54,58,102,19,44,-15,-27,-10,60,0,0,-32,-17,-18,-14,-70,90,-19,0,-37,0,-131,-57,-164,-122,-356,-348,-333,-342,-385,-376,-463,-459,-457,-410,-457,-421,-589,-558,-611,-604,-738,-719,-811,-806,-816,-802,-831,-759,-713,-693]} 1. e4 c5 2. Nf3 e6 3. d4 cxd4 4. Nxd4 a6 5. Bd3 b5 6. O-O Qb6 {B42: Sicilian: Kan Variation: 5 Bd3.} (6... Bb7 $14) 7. Nb3 Bb7 8. a4 {[%cal Ba2a4,Ba4a5][%mdl 32]} b4 {White is slightly better.} 9. a5 Qc7 10. Be3 Nf6 11. N1d2 d5 {[%cal Rd5e4]} 12. Bb6 $1 {[%cal Rb6c7]} Qc8 {[%cal Rd5e4] [#]} 13. Qe2 $146 ({Predecessor:} 13. e5 Nfd7 14. Bd4 Bc5 15. f4 Nc6 16. Nf3 Nxd4 17. Nbxd4 g5 18. c3 bxc3 19. bxc3 {½-½ (29) Kamalidenova,M (1761)-Asadi,M (1980) Batumi 2016}) 13... dxe4 14. Nxe4 Nxe4 15. Bxe4 Be7 16. Rad1 (16. Nc5 $16 Bxe4 17. Qxe4) 16... O-O 17. Rd3 (17. Bxb7 $14 Qxb7 18. Qd3) 17... Bxe4 $11 18. Qxe4 Qc6 (18... Nd7 $1 $11) 19. Qxc6 ({White should try} 19. Qg4 $14) 19... Nxc6 20. Rd7 Bf6 21. Rfd1 Bxb2 22. f4 (22. Rc7 $11 Rac8 23. Nc5) 22... g6 $2 {[#]} (22... Bf6 $15 {stays ahead.}) 23. Kf1 (23. R1d6 $16 Rac8 24. Bc7) 23... Rfc8 24. g3 Bf6 25. R7d2 (25. Nc5 $11 {keeps the balance.}) 25... Ne7 (25... Na7 $17 26. Nc5 Nb5) 26. Bd8 ({White has to play} 26. Rd8+ $1 $15 Kg7 27. R1d7) 26... Kg7 27. g4 $2 {[#] This move loses the game for White.} (27. Bxe7 $17 Bxe7 28. Rd7) 27... Nd5 $19 28. Bxf6+ Kxf6 29. Kf2 Nxf4 30. Rd4 Nd5 ({Resist} 30... Rxc2+ 31. R1d2 $19) 31. R1d2 Rc3 32. h4 h6 {Black is clearly winning.} 33. Kg2 Rac8 34. Rf2+ Ke7 35. Rdd2 R8c4 36. Nd4 Ne3+ 37. Kg1 Nxg4 38. Rfe2 Ne3 39. Kf2 Nf5 {Weighted Error Value: White=0.57/Black=0.25} 0-1

[Event "Gaprindashvili Cup Women III Stage 2020"]
[Site "Online"]
[Date "2020.11.12"]
[Round "3.1"]
[White "Javakhishvili, Lela"]
[Black "Khukhashvili, Sopiko"]
[Result "1-0"]
[WhiteElo "2473"]
[BlackElo "2334"]
[Annotator "TA"]
[PlyCount "61"]
[EventDate "2020.11.04"]
[EventType "k.o."]
[SourceTitle "playchess.com"]
[Source "ChessBase"]
[SourceQuality "1"]

{[%evp 13,61,26,31,21,30,26,31,20,33,9,27,24,40,24,41,45,49,35,60,58,68,18,56,56,105,102,87,78,105,45,136,81,63,71,75,63,75,64,106,103,87,91,108,94,358,371,510,495,701,695]} 1. d4 Nf6 2. c4 e6 3. Nf3 Bb4+ 4. Nbd2 b6 5. a3 Bxd2+ 6. Qxd2 Bb7 7. e3 O-O 8. b3 {E14: Queen's Indian: Classical Variation (4 e3).} a5 9. Bb2 d6 10. Bd3 {White is slightly better.} Qe7 11. Qc2 Nbd7 12. O-O e5 {[#] ...e4 is the strong threat.} 13. Be2 {[#]} e4 $146 ({Predecessor:} 13... Rfe8 14. Rfd1 e4 15. Nd2 Nf8 16. b4 Ng6 17. d5 Bc8 18. Bxf6 gxf6 19. c5 axb4 {1-0 (45) Girya,O (2484)-Kovanova,B (2367) Riadh 2017}) 14. Nd2 d5 15. Rac1 c5 16. cxd5 Bxd5 17. Bb5 Rac8 18. Rfd1 Bb7 {With the idea ...cxd4.} 19. Nc4 Qe6 20. Qe2 Bc6 21. Ba6 (21. Bxc6 $16 Rxc6 22. dxc5) 21... Ra8 {[#]} ({Black should try} 21... Rcd8 $1 $14) 22. Ne5 (22. dxc5 $142 $1 {Black must now prevent Rd6.} Bd5 23. Bxf6 Rxa6 24. Nxb6 Rxb6 25. cxb6 gxf6 26. Rxd5 {[%mdl 64] Deflection} Qxd5 27. Qg4+ Kh8 28. Rd1 Qxb3 29. Rxd7) 22... Bd5 23. Bc4 Bxc4 24. bxc4 cxd4 25. exd4 Rfe8 {[%cal Rd7e5]} 26. d5 Qf5 27. Nc6 Rac8 28. Bd4 b5 $2 {[%mdl 8192]} (28... Nh5 $16) 29. Bxf6 $18 ({Weaker is} 29. cxb5 Nxd5 30. Qd2 Qe6 $18) 29... Nxf6 30. cxb5 h5 (30... e3 $142 31. fxe3 Qd7) 31. d6 {Weighted Error Value: White=0.11/Black=0.37} 1-0

[Event "Gaprindashvili Cup Women III Stage 2020"]
[Site "Online"]
[Date "2020.11.12"]
[Round "3.1"]
[White "Arabidze, Meri"]
[Black "Khotenashvili, Bela"]
[Result "1-0"]
[WhiteElo "2437"]
[BlackElo "2463"]
[Annotator "TA"]
[PlyCount "193"]
[EventDate "2020.11.04"]
[EventType "k.o."]
[SourceTitle "playchess.com"]
[Source "ChessBase"]
[SourceQuality "1"]

{[%evp 9,193,-35,14,20,26,20,9,22,35,-21,8,7,7,0,24,25,18,19,28,28,42,41,70,20,38,40,51,39,43,27,55,43,42,25,23,24,41,43,57,39,44,19,30,23,21,27,43,32,36,0,35,35,39,39,34,43,35,41,54,54,66,52,52,60,60,29,35,0,0,0,33,21,101,54,61,24,22,31,26,20,22,12,44,37,58,40,31,0,65,52,58,22,111,54,136,137,106,118,140,136,117,119,370,11,21,0,362,320,652,649,1491,1283,1178,1053,2014,1772,1609,1350,1466,1373,1268,1020,2123,2108,2821,2436,2491,2408,2204,2175,29982,29983,29986,29985,29988,29989,29989,29984,29984,29985,29984,29985,29985,29986,29986,29986,29986,29987,29987,29984,29985,29986,29986,29985,29978,0,29986,29986,29986,0,0,0,0,0,29986,0,29987,29985,29985,29986,29986,29984,29988,29987,29987,29987,29987,29988,29988,29987,29987,29987,29993,29994,29994,29989]} 1. b3 d5 2. Bb2 c5 3. Nf3 Nc6 4. e3 a6 5. c4 Nf6 6. cxd5 {A06: Réti Opening: 1 Nf3 d5.} Nxd5 7. Nc3 Nxc3 8. Bxc3 {[#] The position is equal.} Bf5 $146 ({Predecessor:} 8... Qd6 9. Qb1 Qg6 10. Qb2 f6 11. g3 e5 12. Nh4 Qf7 13. Qb1 Be6 14. Bg2 Bd5 15. Bxd5 Qxd5 {1-0 (48) Istratescu,A (2587)-Parligras,M (2549) Antalya 2004}) 9. d3 (9. Bc4 $14) 9... e6 10. a3 Qd7 11. Nh4 e5 12. Nxf5 Qxf5 13. Be2 Rd8 14. Qb1 Be7 15. O-O O-O 16. Rd1 Bf6 17. Bf3 Qd7 18. Qb2 Rfe8 19. h3 Qc7 20. Rac1 Qb6 21. b4 cxb4 22. axb4 Na7 23. Qa2 Qb5 24. Be4 Rd7 25. Be1 Be7 26. Qa5 g6 27. g4 Rf8 28. Bg2 Rfd8 29. Be4 Rf8 30. Kf1 f5 31. gxf5 gxf5 32. Bg2 Kg7 33. Ke2 Rfd8 34. Bc3 Bf6 35. Ba1 Qxa5 $1 36. bxa5 Nb5 37. Rc5 e4 $1 {[%cal Rd7d3]} 38. Bxf6+ (38. d4 {looks sharper.} Rd5 39. Rdc1 Kf7 40. f3 Rxc5 41. Rxc5 Rg8 42. Bf1) 38... Kxf6 39. d4 Rg8 40. Bh1 Na7 (40... Rdg7 $11) 41. Rf1 Rc8 42. Rfc1 Rxc5 43. Rxc5 $11 {[%mdl 4096] Endgame KRB-KRN} Rg7 {White should prevent ...Rg1.} 44. Kf1 Nb5 45. f3 exf3 (45... f4 $5 {[%cal Rf4e3]}) 46. Bxf3 Nd6 47. Kf2 Re7 48. Rc1 Rg7 (48... f4 $11) 49. Rb1 $14 Nb5 50. Rb2 Rc7 (50... f4 $11) 51. Be2 (51. Kg3 $1 $16) 51... Nc3 (51... Nd6 $1 $14) 52. Rb6+ $16 Kg5 53. Bf3 Ne4+ 54. Bxe4 fxe4 {KR-KR} 55. Re6 $1 Kh4 $2 {[%mdl 8192]} (55... Rf7+ $16 56. Ke2 Rf5) 56. Rh6+ $2 (56. Rxe4+ $18 Kg5 57. Re5+ Kf6 58. Kg3) 56... Kg5 $11 57. Re6 $2 {[%mdl 8192]} (57. Rd6 $11) 57... Kh4 $1 $18 58. Rxe4+ Kxh3 $2 (58... Kg5 59. Kf3 Kf6) 59. d5 h5 60. d6 Rf7+ 61. Rf4 {Cut Off at move 61} Rd7 62. Rd4 h4 63. Kf3 Rf7+ 64. Rf4 Rd7 65. Rf6 $1 Kh2 66. e4 h3 67. e5 Kh1 68. Ke4 h2 69. Rh6 b5 70. axb6 a5 71. Kd5 a4 72. e6 a3 73. exd7 {KR-KPP} a2 74. d8=Q a1=Q {[#]} 75. Qh4 $1 {[%csl Gh6][%cal Rh4h2]} Qa8+ 76. Ke5 {[%csl Gh6][%cal Rh4h2]} Qe8+ 77. Qe7 Qb5+ 78. Kf6 Qf1+ 79. Ke6 Qe2+ 80. Kf7 Qf3+ 81. Ke8 Qa8+ 82. Kf7 Qf3+ $1 83. Kg7 Qg4+ 84. Kh7 $2 (84. Rg6 Qd7 85. Rh6 $1 {[%mdl 512]} (85. b7 Qxe7+ 86. dxe7 $11) 85... Qg4+ 86. Kf8 Kg2 87. Qg7 Qg3 88. Qxg3+ Kxg3 89. d7) 84... Qf5+ $11 85. Kh8 Qc8+ 86. Kg7 Qg4+ 87. Kf7 $2 (87. Kf8 {mates} Qc8+ 88. Kf7 Qc4+ 89. Qe6 Qf1+ 90. Qf6 Qc4+ 91. Kf8 Qc8+ 92. Ke7) 87... Qf5+ $2 {[%mdl 8192]} (87... Qf3+ $11 88. Qf6 Qb7+ 89. Kf8 Qa8+ 90. Ke7 Qb7+ 91. d7 Qe4+ 92. Kd6 Qd3+ 93. Kc7 Qg3+ 94. Qd6 Qxd6+ 95. Rxd6 Kg1) 88. Ke8 {White mates.} Qc8+ {[#]} 89. Qd8 $1 Qc6+ 90. Qd7 Qe4+ 91. Re6 Qg6+ 92. Kd8 Qg5+ 93. Qe7 Qg8+ 94. Kd7 Qg4 95. Qf6 Qa4+ 96. Ke7 {[%cal Rf6f1]} Qd1 97. Qe5 {Weighted Error Value: White=0.25/Black=0.27} 1-0

[Event "Gaprindashvili Cup Women III Stage 2020"]
[Site "Online"]
[Date "2020.11.12"]
[Round "3.1"]
[White "Tsatsalashvili, Keti"]
[Black "Mikadze, Miranda"]
[Result "0-1"]
[WhiteElo "2331"]
[BlackElo "2269"]
[Annotator "TA"]
[PlyCount "52"]
[EventDate "2020.11.04"]
[EventType "k.o."]
[SourceTitle "playchess.com"]
[Source "ChessBase"]
[SourceQuality "1"]

{[%evp 9,52,0,16,21,25,13,33,15,14,-3,4,-20,-26,-21,10,-29,-9,-58,-33,-32,-31,-35,-21,-21,-21,-35,-33,-50,-11,-77,-73,-107,-104,-106,-65,-97,-102,-102,-107,-106,-85,-114,-93,-1056,-1024]} 1. d4 d5 2. Nf3 Nf6 3. c4 c6 4. Nbd2 Bf5 5. Nh4 Be6 6. e3 {D11: Slav Defence: 3 Nf3 sidelines and 3...Nf6 4 e3 Bg4.} g6 7. Be2 Bg7 8. O-O {White is slightly better.} O-O 9. Qc2 Nbd7 {[#]} 10. b4 $146 ({Predecessor:} 10. c5 b6 11. b4 a5 12. cxb6 Qxb6 13. bxa5 Rxa5 14. Nb3 Ra7 15. Bd2 Ne4 16. Rfc1 Nxd2 17. Nxd2 {½-½ (60) Dalinkevicius,V-Auskalnis,D (1644) Vilnius 2014}) 10... a5 11. bxa5 Rxa5 12. c5 Qa8 13. f4 {[#]} Ne4 $1 $36 {[%cal Rd7c5][%mdl 2560] Black has the initiative.} 14. Nb3 (14. Nxe4 dxe4) 14... Ra4 15. f5 gxf5 16. Nxf5 Bxf5 17. Rxf5 e6 18. Rf3 e5 {[%cal Re5d4]} 19. Bb2 (19. Kh1 $11) 19... Rxa2 $17 20. Rff1 {[#] Threatens to win with Rxa2.} Rxa1 21. Rxa1 Qb8 22. Bd3 f5 23. Rb1 Qd8 24. Rf1 Qg5 25. Bc1 Qg6 26. Qd2 $2 {[%mdl 8192]} (26. Qe2 $17) 26... Nxd2 {Weighted Error Value: White=0.57/Black=0.10} 0-1

[Event "Gaprindashvili Cup Women III Stage 2020"]
[Site "Online"]
[Date "2020.11.12"]
[Round "3.1"]
[White "Charkhalashvili, Inga"]
[Black "Melia, Salome"]
[Result "1/2-1/2"]
[WhiteElo "2276"]
[BlackElo "2371"]
[Annotator "TA"]
[PlyCount "105"]
[EventDate "2020.11.04"]
[EventType "k.o."]
[SourceTitle "playchess.com"]
[Source "ChessBase"]
[SourceQuality "1"]

{[%evp 14,105,11,0,2,8,0,0,0,-17,0,-8,-8,-14,-4,-14,14,-18,-10,-4,-14,-10,-10,-12,-6,-27,-10,-21,-30,-26,-31,-30,-44,-112,-73,-72,-63,-68,-66,-66,-69,-70,-64,-89,-78,-84,-78,-79,-72,-72,-72,-79,-77,-69,-49,-70,-60,-69,-6,-50,-45,-76,-83,-81,-64,-64,-61,-72,-62,-85,-43,-81,-80,-112,-71,-97,-59,-70,-52,-77,-15,-16,-10,-12,-18,-31,0,-8,0,-13,0,-18,0,-23]} 1. d4 Nf6 2. c4 e6 3. Nf3 d5 4. Nc3 Bb4 5. Bg5 h6 6. Bxf6 Qxf6 7. cxd5 exd5 8. e3 c6 $1 {[%mdl 4] is recently more successful than 8...0-0. D38: Queen's Gambit Declined: Ragozin Defence (4 Nf3 Bb4).} 9. Bd3 O-O 10. Qb3 Bd6 {[#]} 11. h3 $146 ({Predecessor:} 11. O-O Qe7 12. a3 Bg4 13. Ne5 Bxe5 14. dxe5 Nd7 15. Qxb7 Qe6 16. f4 Nc5 17. f5 Qxe5 18. Qxc6 Qxe3+ {0-1 (31) Do Carmo,L (1526)-Do Amaral,R (2221) ICCF email 2006}) 11... Nd7 12. O-O Nb6 13. e4 dxe4 14. Nxe4 Qf4 15. Nxd6 Qxd6 16. Bc2 Be6 17. Qd3 {[%csl Gc2][%cal Rd3h7] [#]} g6 {White must now prevent ...Bc4.} 18. Qd2 Kg7 19. Rfe1 Rad8 20. Rad1 Rfe8 21. b3 Nd5 22. Ne5 Qb4 23. Qd3 (23. Qc1 $15) 23... Qc3 24. Rd2 Qxd3 25. Bxd3 Nf4 26. Bf1 h5 27. Kh2 Bf5 28. g3 Ne6 29. Nc4 Kf8 30. Red1 Ng5 {[#] Threatens to win with ...Nf3+.} 31. Bg2 Be4 32. Bxe4 Nxe4 (32... Rxe4 33. Kg2 $11) 33. Rc2 Re7 34. Kg2 Red7 35. Na5 Nd6 (35... Rxd4 $6 36. Rxd4 Rxd4 37. Nxb7 $14) ({Better is} 35... h4 $15) 36. Rcd2 Nf5 37. g4 Ng7 ({Of course not} 37... Rxd4 38. Rxd4 Rxd4 39. Rxd4 $11) ({Reject} 37... Nxd4 $6 38. gxh5 (38. Nxb7 Rxb7 39. Rxd4 Rxd4 $11) 38... c5 39. hxg6 $14) 38. b4 hxg4 39. hxg4 Ne6 40. a3 Kg7 41. Nb3 Rd5 42. Kg3 b6 43. f4 g5 44. fxg5 Rxg5 45. Rf1 Rd7 46. Rf5 Rd5 (46... Rxf5 $17 47. gxf5 Nc7) 47. Rxg5+ $11 Rxg5 {[%mdl 4096] Endgame KRN-KRN} 48. Kf3 Rd5 49. Ke4 Rg5 50. Kf3 $1 {The position is equal.} Rd5 51. Ke4 Rg5 52. Kf3 $1 Rd5 53. Ke4 {Weighted Error Value: White=0.10/Black=0.15} 1/2-1/2